Alle Sportarten - Olympia 2024 - Statistiken

Allgemein
  • Dieses Quiz wurde 738 mal gespielt
  • Das Durchschnittsergebnis liegt bei 19 aus 39
Antwortstatistiken
Antwort % Korrekt
Fussball
92%
Schwimmen
91%
Basketball
87%
Leichtathletik
84%
Handball
79%
Reiten
73%
Tennis
72%
Volleyball
71%
Tischtennis
67%
Geräteturnen
64%
Schiessen
63%
Judo
62%
Boxen
61%
Hockey
61%
Rudern
61%
Fechten
59%
Kanu
58%
Bogenschießen
55%
Beachvolleyball
51%
Ringen
50%
Triathlon
49%
Surfen
47%
Skateboard
46%
Badminton
45%
Segeln
41%
Golf
40%
Wasserball
39%
Rugby
36%
Radsport
28%
Gewichtheben
27%
Moderner Fünfkampf
27%
Synchronschwimmen
25%
Breaking
24%
Rhythmische Sportgymnastik
22%
Taekwondo
21%
Wasserspringen
20%
Trampolinturnen
13%
Sportklettern
12%
Marathonschwimmen
2%
Keine übereinstimmenden Quizze gefunden
Verteilung der Resultate
Anzahl Personen mit jedem Resultat
Perzentil nach korrekt beantworteten Fragen
Ihre Resultats-Entwicklung
Sie haben dieses Quiz noch nicht gespielt